[Event "Eastpointe (US Am N/4/13)"]
[Site "?"]
[Date "1994.??.??"]
[Round "?"]
[White "Velasquez, A."]
[Black "Skidmore, Mike"]
[Result "1-0"]
[WhiteElo "1645"]
[BlackElo "1900"]
[PlyCount "99"]
[EventDate "1994.??.??"]

{4/(13)} 1. d4 d5 2. e3 Bf5 3. Nf3 e6 4. c4 Bxb1 5. Rxb1 c6 6. Qb3 Qc7 7. cxd5
exd5 8. Bd3 Nf6 9. Bd2 Be7 10. O-O O-O 11. Rfc1 Re8 12. Ne5 c5 13. Bf5 c4 14.
Qc2 b5 15. b3 g6 16. Bh3 a6 17. bxc4 dxc4 18. a4 Bd6 19. f4 Ba3 20. Rf1 c3 21.
axb5 Nd5 22. b6 Nxb6 23. Qxc3 Qxc3 24. Bxc3 Nd5 25. Bd2 f6 26. Nc4 Bf8 27. Rb7
Nc6 28. Bd7 Nd8 29. Bxe8 Nxb7 30. Bc6 Nd6 31. Bxd5+ Kg7 32. Bxa8 Nxc4 33. Bc1
a5 34. Bc6 Nb6 35. Rd1 a4 36. d5 Bd6 37. Rd3 Kf7 38. Ba3 Ke7 39. Bxd6+ Kxd6 40.
e4 h6 41. Kf2 h5 42. Kf3 Nc4 43. Bxa4 Nb2 44. Ra3 Nc4 45. Rc3 Nd2+ 46. Ke3 Nf1+
47. Kd4 Nxh2 48. Rc6+ Ke7 49. Re6+ Kf7 50. Be8+ 1-0

[Event "Grand Rapids (MI Am/1/27)"]
[Site "?"]
[Date "1994.??.??"]
[Round "?"]
[White "Velasquez, A."]
[Black "Seibert, S."]
[Result "1-0"]
[WhiteElo "1645"]
[BlackElo "1605"]
[PlyCount "63"]
[EventDate "1994.??.??"]

{1/(27)} 1. d4 d5 2. e3 Nf6 3. Bd3 Na6 4. c3 c5 5. Nd2 Be6 6. Ngf3 Bg4 7. O-O
h5 8. Qe1 Bxf3 9. gxf3 g5 10. Bb5+ Nd7 11. e4 Nc7 12. Ba4 b5 13. Bc2 g4 14. e5
e6 15. f4 Bh6 16. f5 h4 17. Qe2 g3 18. Nf3 gxh2+ 19. Kxh2 Bxc1 20. Raxc1 c4 21.
Rg1 a6 22. Rg7 Qe7 23. Ng5 Qf8 24. f6 O-O-O 25. Rxf7 Qh6 26. Rg1 Rdg8 27. Qg4
Rg6 28. Bxg6 Qxg6 29. Re7 Nf8 30. Nf7 Qxg4 31. Rxg4 Rh5 32. Rg8 1-0

[Event "Eastpointe (US Am N/2/11)"]
[Site "?"]
[Date "1994.??.??"]
[Round "?"]
[White "Velasquez, A."]
[Black "Rutkofske, Lonnie"]
[Result "0-1"]
[WhiteElo "1645"]
[BlackElo "1980"]
[PlyCount "70"]
[EventDate "1994.??.??"]

{2/(11)} 1. d4 f5 2. Nf3 Nf6 3. Bg5 Ne4 4. Bh4 c6 5. e3 Qb6 6. Ne5 g6 7. Bc4 d5
8. Bb3 Nd7 9. Nd3 Bg7 10. c3 a5 11. O-O Qa7 12. Nd2 b6 13. Nf3 Ba6 14. Re1 a4
15. Bxa4 b5 16. Bb3 Qc7 17. Nf4 Qd6 18. a4 b4 19. cxb4 h6 20. Nd3 Bxd3 21. Qxd3
Qxb4 22. Rec1 Rb8 23. Ra3 Ndc5 24. Qc2 Nxb3 25. Rxb3 Qxb3 26. Qxc6+ Kf7 27.
Ne5+ Bxe5 28. dxe5 Rhc8 29. e6+ Kg7 30. h3 Rxc6 31. Rxc6 g5 32. Bg3 Nxg3 33.
fxg3 Qxa4 34. Rc5 Rxb2 35. Rxd5 Qe4 0-1

[Event "Detroit (MOR/4/10)"]
[Site "?"]
[Date "1994.??.??"]
[Round "?"]
[White "Velasquez, A."]
[Black "Rotberg, Victor"]
[Result "0-1"]
[WhiteElo "1690"]
[BlackElo "1605"]
[PlyCount "174"]
[EventDate "1994.??.??"]

{4/(10)} 1. d4 Nf6 2. Nf3 e6 3. e3 c5 4. Bd3 cxd4 5. exd4 d5 6. Nbd2 Nc6 7. c3
Bd6 8. O-O O-O 9. Re1 Qc7 10. Qe2 Re8 11. Ne5 h6 12. f4 Bd7 13. Ndf3 Rad8 14.
Qf2 Bc8 15. Qh4 Bf8 16. g4 Qe7 17. g5 Nd7 18. Re2 Ndxe5 19. fxe5 g6 20. Bd2 h5
21. Rf1 Bg7 22. Ne1 a6 23. Ng2 Qc7 24. Rf6 Ne7 25. Nf4 Nf5 26. Bxf5 exf5 27.
Nxh5 Qe7 28. Nxg7 Kxg7 29. Qh6+ Kg8 30. Bf4 Qf8 31. Re3 Re6 32. Rh3 Qg7 33. Qh4
Rde8 34. Qf2 Kf8 35. Qc2 Bd7 36. Qb3 Bc6 37. Qb6 Kg8 38. b3 Qf8 39. Qa5 Rd8 40.
Rxe6 fxe6 41. Qc7 Rd7 42. Qa5 Rh7 43. Rh6 Rxh6 44. gxh6 Qe7 45. Be3 Qh4 46. c4
f4 47. Bf2 Qg5+ 48. Kf1 dxc4 49. bxc4 Qg2+ 50. Ke1 Qh1+ 51. Kd2 Qxh2 52. Qd8+
Kh7 53. Qe7+ Kxh6 54. Qf8+ Kg5 55. Qf6+ Kg4 56. Ke2 Bf3+ 57. Ke1 Qh1+ 58. Kd2
Qd1+ 59. Kc3 Qa1+ 60. Kd3 Qf1+ 61. Kc3 Qxf2 62. Qxe6+ Kh4 63. Qf6+ Kh3 64. Qxf4
Qe1+ 65. Qd2 Qxd2+ 66. Kxd2 Bg4 67. Ke3 Bf5 68. d5 Kg4 69. e6 Kg5 70. Kf3 Kf6
71. Ke3 b6 72. Kd4 g5 73. a3 g4 74. Ke3 g3 75. Kf3 Bd3 76. Kxg3 Bxc4 77. Kf4
Bxd5 78. Ke3 Kxe6 79. Kd4 Kd6 80. a4 b5 81. Kc3 Kc5 82. axb5 axb5 83. Kb2 Kb4
84. Ka1 Kc3 85. Kb1 b4 86. Ka1 b3 87. Kb1 Be4+ 0-1

[Event "Detroit (Class B/2/15)"]
[Site "?"]
[Date "1994.??.??"]
[Round "?"]
[White "Velasquez, A."]
[Black "McCarter, Robert"]
[Result "1-0"]
[WhiteElo "1625"]
[BlackElo "1700"]
[PlyCount "89"]
[EventDate "1994.??.??"]

{2/(15)} 1. d4 Nf6 2. Nf3 e6 3. e3 d5 4. Bd3 c5 5. c3 b6 6. Qe2 Be7 7. Ne5 O-O
8. Nd2 Bb7 9. f4 Nbd7 10. Qf3 Qc7 11. O-O Rac8 12. g4 cxd4 13. exd4 g6 14. g5
Nh5 15. Qg4 f5 16. gxf6 Ndxf6 17. Qxe6+ Kg7 18. Qh3 Ne4 19. Nxe4 dxe4 20. Be2
Nf6 21. f5 Ng8 22. Be3 Rce8 23. Bc4 Bc8 24. Bxg8 Kxg8 25. Qh6 Bxf5 26. Rf2 Bf6
27. Raf1 Bxe5 28. dxe5 Rxe5 29. h4 Qg7 30. Qxg7+ Kxg7 31. Bd4 Rfe8 32. Rxf5
gxf5 33. Rxf5 Kg6 34. Rxe5 Rxe5 35. Bxe5 Kf5 36. Bg3 b5 37. b3 e3 38. Kg2 Ke4
39. Be1 h5 40. Kg3 a6 41. c4 bxc4 42. bxc4 Kd4 43. Kf3 Kxc4 44. Kxe3 Kd5 45.
Kf4 1-0

[Event "Detroit (MOR/6/20)"]
[Site "?"]
[Date "1994.??.??"]
[Round "?"]
[White "Velasquez, A."]
[Black "Kane, Paul"]
[Result "0-1"]
[WhiteElo "1605"]
[BlackElo "1605"]
[PlyCount "64"]
[EventDate "1994.??.??"]

{6/(20)} 1. d4 d5 2. e3 Bf5 3. c4 c6 4. cxd5 cxd5 5. Qb3 Qd7 6. Nc3 e6 7. Nf3
Bd6 8. Bd2 Nc6 9. Be2 Nf6 10. O-O O-O 11. h3 a6 12. Rfd1 b5 13. a3 Rac8 14. Nh4
Na5 15. Qa2 Bc2 16. Rf1 Nb3 17. Nf3 Ne4 18. Nxe4 dxe4 19. Ne5 Bxe5 20. Bb4 Rfd8
21. dxe5 Nxa1 22. Qxa1 Bd3 23. Rd1 Qc6 24. Bxd3 Rxd3 25. Rxd3 exd3 26. Bc3 h6
27. Qd1 Qc4 28. Kh2 Rd8 29. Qd2 Qb3 30. Kg3 Qc2 31. e4 Rc8 32. Qe1 Rxc3 0-1

[Event "Detroit (Class B/4/13)"]
[Site "?"]
[Date "1994.??.??"]
[Round "?"]
[White "Velasquez, A."]
[Black "Foord, Allan"]
[Result "1-0"]
[WhiteElo "1625"]
[BlackElo "1680"]
[PlyCount "63"]
[EventDate "1994.??.??"]

{4/(13)} 1. d4 Nf6 2. Nf3 g6 3. e3 Bg7 4. c4 d5 5. Nc3 O-O 6. Be2 Bf5 7. O-O c6
8. b4 Nbd7 9. a4 Re8 10. Qb3 Nb6 11. Ne5 dxc4 12. Nxc4 e5 13. Nxe5 Be6 14. Qc2
Nbd5 15. Bf3 Nxb4 16. Qb2 a5 17. Ne4 Nd7 18. Nxd7 Bxd7 19. Nd6 Re7 20. Nxb7 Qc7
21. Nc5 Be6 22. Bd2 Rb8 23. Qc3 Qd6 24. Rab1 f5 25. Nb3 Ra7 26. Qc5 Qxc5 27.
Nxc5 Bf7 28. Be2 Bf6 29. Rb2 Be7 30. Rfb1 Ba2 31. Rxa2 Bxc5 32. dxc5 1-0

[Event "Grand Rapids (MI Am/3/8)"]
[Site "?"]
[Date "1994.??.??"]
[Round "?"]
[White "Velasquez, A."]
[Black "Anderson, R."]
[Result "1-0"]
[WhiteElo "1645"]
[BlackElo "1860"]
[PlyCount "49"]
[EventDate "1994.??.??"]

{3/(8)} 1. d4 d5 2. e3 Nf6 3. Bd3 e6 4. Nd2 c5 5. c3 Nc6 6. f4 c4 7. Bc2 Be7 8.
Ngf3 b5 9. O-O a5 10. Ne5 Bb7 11. Qf3 O-O 12. g4 b4 13. g5 Nxe5 14. fxe5 Nd7
15. h4 a4 16. Rf2 b3 17. Bb1 Nb6 18. a3 Qd7 19. Nf1 Bd8 20. Nh2 Nc8 21. Ng4 Ne7
22. Nf6+ gxf6 23. gxf6 Kh8 24. Bxh7 Kxh7 25. Qh5+ 1-0

[Event "Detroit (MOR/4/6)"]
[Site "?"]
[Date "1994.??.??"]
[Round "?"]
[White "Vega, D."]
[Black "Waters, G."]
[Result "0-1"]
[WhiteElo "1650"]
[BlackElo "1705"]
[PlyCount "70"]
[EventDate "1994.??.??"]

{4/(6)} 1. e4 e6 2. d4 d5 3. Nc3 Nf6 4. e5 Ng8 5. f4 Ne7 6. Nf3 b6 7. b4 Nf5 8.
a3 h5 9. g3 Be7 10. Qd3 c6 11. b5 cxb5 12. Qxb5+ Qd7 13. Bd3 g6 14. a4 Ba6 15.
Qxd7+ Kxd7 16. Bxf5 gxf5 17. Ba3 Nc6 18. Bxe7 Kxe7 19. Nb5 Bxb5 20. axb5 Na5
21. c3 Rac8 22. Kd2 Nb3+ 23. Kd3 Nxa1 24. Rxa1 Rc7 25. Nd2 h4 26. gxh4 Rxh4 27.
Nf3 Rxf4 28. Rg1 Rc8 29. Ke3 Rg4 30. Ra1 Rxc3+ 31. Kf2 Rf4 32. Rxa7+ Kf8 33.
Ra6 Rcxf3+ 34. Kg2 Rb3 35. Rxb6 Rxd4 0-1

[Event "Detroit (MOR/3/5)"]
[Site "?"]
[Date "1994.??.??"]
[Round "?"]
[White "Vega, D."]
[Black "Nicolli, Randy"]
[Result "1-0"]
[WhiteElo "1650"]
[BlackElo "1750"]
[PlyCount "59"]
[EventDate "1994.??.??"]

{3/(5)} 1. e4 e5 2. Nf3 f5 3. d4 exd4 4. exf5 Nf6 5. Nxd4 Bc5 6. Qe2+ Be7 7. g4
O-O 8. Bg2 Re8 9. O-O Nc6 10. Nxc6 dxc6 11. Rd1 Bd6 12. Be3 Nd5 13. Nd2 Nxe3
14. fxe3 Qh4 15. Qc4+ Kh8 16. Nf3 Qf6 17. e4 Qxb2 18. Ng5 h6 19. Nf7+ Kh7 20.
g5 hxg5 21. Nxg5+ Kh8 22. Nf7+ Kh7 23. Rab1 Qf6 24. Rb3 Be6 25. Rh3+ Kg8 26.
fxe6 Rxe6 27. Rf1 Qxf1+ 28. Qxf1 Rf6 29. Rh8+ Kxf7 30. Qc4+ 1-0

[Event "Eastpointe (US Am N/3/27)"]
[Site "?"]
[Date "1994.??.??"]
[Round "?"]
[White "Vega, D."]
[Black "McNeil, Yaking"]
[Result "1-0"]
[WhiteElo "1650"]
[BlackElo "1605"]
[PlyCount "31"]
[EventDate "1994.??.??"]

{3/(27)} 1. e4 c5 2. Nf3 Nc6 3. d4 cxd4 4. Nxd4 e5 5. Nf3 Bc5 6. Bc4 Qb6 7. O-O
Nf6 8. Nc3 Ng4 9. Bxf7+ Kxf7 10. Ng5+ Ke8 11. Qxg4 d6 12. Qh5+ g6 13. Qh6 Bg4
14. Nd5 Qd8 15. Qg7 Rf8 16. Nc7+ 1-0

[Event "Eastpointe (US Am N/1a/18)"]
[Site "?"]
[Date "1994.??.??"]
[Round "?"]
[White "Vega, D."]
[Black "Koernke, J."]
[Result "1-0"]
[WhiteElo "1650"]
[BlackElo "1605"]
[PlyCount "36"]
[EventDate "1994.??.??"]

1. e4 e5 2. Nf3 f6 3. Bc4 Ne7 4. O-O d5 5. exd5 Nxd5 6. Nxe5 fxe5 7. Qh5+ g6 8.
Qxe5+ Ne7 9. Qxh8 Bf5 10. Qxh7 Bxc2 11. Qf7+ Kd7 12. Nc3 Kc8 13. Re1 Bf5 14.
Nd5 Be4 15. Rxe4 Nxd5 16. Bxd5 Nd7 17. Re8 Be7 18. Qxe7 c6 1-0

[Event "Eastpointe (US Am N/5/24)"]
[Site "?"]
[Date "1994.??.??"]
[Round "?"]
[White "Vega, D."]
[Black "Gregg, Ted"]
[Result "1-0"]
[WhiteElo "1650"]
[BlackElo "1605"]
[PlyCount "87"]
[EventDate "1994.??.??"]

{5/(24)} 1. e4 e5 2. Nf3 Nc6 3. Bb5 a6 4. Ba4 Nf6 5. O-O Be7 6. Re1 b5 7. Bb3
O-O 8. c3 d5 9. exd5 Nxd5 10. Nxe5 Nxe5 11. Rxe5 Nf6 12. d4 Bd6 13. Re2 Ng4 14.
f4 Qh4 15. g3 Qh3 16. Bd5 Rb8 17. Qb3 Bf5 18. Qd1 Nf6 19. Bc6 Bg4 20. Nd2 Bxe2
21. Qxe2 Qe6 22. Qxe6 fxe6 23. Nb3 Nd5 24. Bd2 Rf6 25. Re1 Ne7 26. Bg2 Rh6 27.
f5 Rf6 28. fxe6 Rbf8 29. Bg5 Rf2 30. Nc5 Rxb2 31. Ne4 Nc8 32. Rf1 Be7 33. Bf4
Bd6 34. Nxd6 Nxd6 35. Bd5 Re8 36. Bxd6 g5 37. e7+ Kg7 38. Rf7+ Kg6 39. Rf8 cxd6
40. Rxe8 Kf6 41. Rf8+ Kxe7 42. Rf7+ Kd8 43. Rxh7 Rxa2 44. Bxa2 1-0

[Event "Eastpointe (US Am N/6/14)"]
[Site "?"]
[Date "1994.??.??"]
[Round "?"]
[White "Vega, D."]
[Black "Franke, R."]
[Result "0-1"]
[WhiteElo "1650"]
[BlackElo "1800"]
[PlyCount "68"]
[EventDate "1994.??.??"]

{6/(14)} 1. e4 c5 2. Nf3 d6 3. d3 g6 4. g3 Bg7 5. Bg2 Nf6 6. O-O O-O 7. Re1 Nc6
8. Nbd2 a6 9. a4 Bd7 10. Nf1 Qc7 11. c3 Rab8 12. Ne3 b5 13. Nc2 Rfe8 14. Bg5
bxa4 15. Rxa4 Rxb2 16. Bc1 Rb6 17. d4 cxd4 18. cxd4 e5 19. d5 Nd4 20. Ncxd4
Bxa4 21. Qxa4 exd4 22. e5 dxe5 23. Nxd4 exd4 24. Rxe8+ Nxe8 25. Qxe8+ Bf8 26.
Bf4 Qe7 27. Qa4 Rb1+ 28. Bf1 Qe2 29. Kg2 Qxf1+ 30. Kf3 Qd3+ 31. Kg2 Qe4+ 32.
Kh3 Qxd5 33. Qxa6 Qe6+ 34. Qxe6 fxe6 0-1

[Event "Detroit (WCO/4/18)"]
[Site "?"]
[Date "1994.??.??"]
[Round "?"]
[White "Vaughn, Gerald"]
[Black "Townsend, D."]
[Result "1-0"]
[WhiteElo "1605"]
[BlackElo "1605"]
[PlyCount "95"]
[EventDate "1994.??.??"]

{4/(18)} 1. e4 e5 2. Nf3 Nc6 3. Bc4 Nf6 4. Ng5 d5 5. exd5 Nxd5 6. Nxf7 Kxf7 7.
Qf3+ Qf6 8. Bxd5+ Be6 9. Bxe6+ Kxe6 10. Qb3+ Kd7 11. Qxb7 Rb8 12. Qa6 Rb6 13.
Qa4 Bc5 14. O-O Rb4 15. Qa6 Rf4 16. Qd3+ Bd4 17. Qa3 Rf8 18. d3 Bxf2+ 19. Rxf2
Rxf2 20. h4 Rf1+ 21. Kh2 Rxc1 22. Qa4 Kd6 23. Nc3 Qf4+ 24. Qxf4 exf4 25. Rxc1
Nd4 26. Ne4+ Kc6 27. c3 Ne6 28. a4 h6 29. b4 a5 30. b5+ Kb6 31. d4 g5 32. d5
Nc5 33. Nxc5 Kxc5 34. hxg5 hxg5 35. c4 Re8 36. Kg1 g4 37. Kf2 g3+ 38. Kf3 Re3+
39. Kxf4 Ra3 40. Ke5 Rxa4 41. Rc3 Rb4 42. Ra3 Rxc4 43. Rxa5 Rc2 44. Kf4 Rxg2
45. Ra3 Rg1 46. Rc3+ Kxd5 47. Rxc7 g2 48. Kf3 1-0

[Event "Detroit (MOR/2/58)"]
[Site "?"]
[Date "1994.??.??"]
[Round "?"]
[White "Vaughn, Gerald"]
[Black "Smalec, Joseph"]
[Result "1-0"]
[WhiteElo "1605"]
[BlackElo "1605"]
[PlyCount "34"]
[EventDate "1994.??.??"]

{2/(58)} 1. e4 e5 2. Nf3 Nf6 3. Nxe5 Qe7 4. d4 Nxe4 5. Qe2 d5 6. c4 Qb4+ 7. Nd2
Nxd2 8. Bxd2 Qe7 9. cxd5 Nd7 10. Rc1 Nxe5 11. dxe5 f6 12. e6 Qd6 13. Qb5+ c6
14. dxc6 Qxe6+ 15. Be3 Be7 16. cxb7+ Bd7 17. bxa8=Q+ Bd8 1-0

[Event "Detroit (MOR/6/46)"]
[Site "?"]
[Date "1994.??.??"]
[Round "?"]
[White "Vaughn, Gerald"]
[Black "Moulter, Al"]
[Result "0-1"]
[WhiteElo "1605"]
[BlackElo "1605"]
[PlyCount "120"]
[EventDate "1994.??.??"]

{6/(46)} 1. d4 d5 2. c4 Nf6 3. Nc3 e6 4. cxd5 exd5 5. Bg5 Be7 6. Nf3 h6 7. Bxf6
Bxf6 8. Qb3 c6 9. e3 Qe7 10. Rc1 O-O 11. Be2 Re8 12. O-O b6 13. h3 Bf5 14. Nh2
Nd7 15. Ng4 Reb8 16. Nxf6+ Nxf6 17. Bf3 Rd8 18. Rfe1 Rab8 19. Bd1 c5 20. Bf3
Qd7 21. Kh2 c4 22. Qb5 Qd6+ 23. Kg1 Bd7 24. Qa6 Ra8 25. Qa3 Qxa3 26. bxa3 Be6
27. Nb5 Rd7 28. a4 a6 29. Nc3 b5 30. axb5 axb5 31. Rb1 Ra3 32. Rec1 Rb7 33. Rb4
g5 34. g4 Bd7 35. Rc2 Rba7 36. Bxd5 Nxd5 37. Nxd5 Rxa2 38. Rxa2 Rxa2 39. Nf6+
Kg7 40. Nxd7 c3 41. Nc5 c2 42. Nd3 Ra3 43. Nc1 Ra1 44. Rxb5 Rxc1+ 45. Kg2 Rd1
46. Rc5 c1=Q 47. Rxc1 Rxc1 48. Kf3 Kf6 49. e4 Ke6 50. d5+ Kd6 51. Kg3 Rc3+ 52.
Kg2 Ke5 53. f3 Kf4 54. Kf2 Rxf3+ 55. Kg2 Kxe4 56. d6 Rd3 57. d7 Rxd7 58. Kf2
Kf4 59. Kg2 Rd2+ 60. Kf1 Rh2 0-1

[Event "Detroit (WCO/2/12)"]
[Site "?"]
[Date "1994.??.??"]
[Round "?"]
[White "Vaughn, Gerald"]
[Black "McNeil, Yaking"]
[Result "1/2-1/2"]
[WhiteElo "1605"]
[BlackElo "1605"]
[PlyCount "74"]
[EventDate "1994.??.??"]

{2/(12)} 1. d4 c6 2. c4 d5 3. Nc3 Bf5 4. e3 e6 5. a3 Nf6 6. Nf3 Be7 7. Bd3 Bxd3
8. Qxd3 h6 9. O-O O-O 10. Ne5 Nbd7 11. Nxd7 Qxd7 12. c5 b6 13. b4 Bd8 14. Bd2
Bc7 15. h3 e5 16. f3 exd4 17. exd4 Rae8 18. Rae1 Rxe1 19. Rxe1 Re8 20. Rxe8+
Qxe8 21. Qa6 Qb8 22. Ne2 Nd7 23. Qd3 b5 24. Qf5 Qd8 25. Bf4 Bxf4 26. Nxf4 Qe7
27. Kf2 g6 28. Nxg6 fxg6 29. Qxg6+ Qg7 30. Qe6+ Kh7 31. Qf5+ Kg8 32. Qe6+ Kh7
33. Qxc6 Qxd4+ 34. Kg3 Qg7+ 35. Kh2 Qe5+ 36. Kg1 Qe1+ 37. Kh2 Qe5+ 1/2-1/2

[Event "Detroit (Class C/4/22)"]
[Site "?"]
[Date "1994.??.??"]
[Round "?"]
[White "Vaughn, Gerald"]
[Black "Hill, M."]
[Result "1-0"]
[WhiteElo "1605"]
[BlackElo "1605"]
[PlyCount "93"]
[EventDate "1994.??.??"]

{4/(22)} 1. d4 Nf6 2. c4 g6 3. Nc3 d5 4. cxd5 Nxd5 5. e4 Nxc3 6. bxc3 Bg7 7.
Be3 O-O 8. e5 e6 9. Qd2 Re8 10. Bh6 Bh8 11. h4 c5 12. h5 cxd4 13. cxd4 Nc6 14.
Bb5 Qxd4 15. Qxd4 Nxd4 16. Bxe8 Nc2+ 17. Kd2 Nxa1 18. hxg6 fxg6 19. Bf4 b6 20.
Bc6 Rb8 21. Nf3 Bb7 22. Bxb7 Rxb7 23. Rxa1 Rd7+ 24. Ke3 Rc7 25. Bh6 Rc5 26. Kd4
Rd5+ 27. Ke4 Rc5 28. Bf4 Kf7 29. Rc1 Rxc1 30. Bxc1 Kg8 31. Bh6 Bg7 32. Bxg7
Kxg7 33. Ng5 h6 34. Nxe6+ Kf7 35. Kd5 Ke7 36. a4 g5 37. g4 Kd7 38. Nd4 a6 39.
e6+ Ke7 40. Nf5+ Ke8 41. Kc6 b5 42. axb5 axb5 43. Kxb5 Kd8 44. Kc6 Ke8 45. Kd6
Kd8 46. e7+ Ke8 47. Ng7+ 1-0

[Event "Detroit (WCO/5/14)"]
[Site "?"]
[Date "1994.??.??"]
[Round "?"]
[White "Vaughn, Gerald"]
[Black "Gaiefsky, Joey"]
[Result "1-0"]
[WhiteElo "1605"]
[BlackElo "1605"]
[PlyCount "73"]
[EventDate "1994.??.??"]

{5/(14)} 1. e4 e5 2. Nf3 Nc6 3. Bc4 Nf6 4. Ng5 d5 5. exd5 Nxd5 6. Nxf7 Kxf7 7.
Qf3+ Ke8 8. Bxd5 Qd7 9. Bxc6 bxc6 10. Qh5+ g6 11. Qxe5+ Qe6 12. Qxe6+ Bxe6 13.
O-O Kd8 14. d4 h5 15. Bg5+ Ke8 16. Nd2 Bh6 17. Bf6 Rf8 18. Ne4 Bd5 19. Rfe1 Kd7
20. Nc5+ Kc8 21. Be5 Rb8 22. b3 Bg5 23. Bxc7 Rb5 24. Be5 Re8 25. c4 Bxc4 26.
bxc4 Rb4 27. Rab1 Rxb1 28. Rxb1 Kd8 29. Rb8+ Ke7 30. Rb7+ Kf8 31. Rxa7 Bf6 32.
Nd7+ Ke7 33. Nxf6+ Ke6 34. Nxe8 c5 35. Nc7+ Kf5 36. Na6 cxd4 37. Bxd4 1-0

[Event "Detroit (Class C/3/12)"]
[Site "?"]
[Date "1994.??.??"]
[Round "?"]
[White "Vaughn, Gerald"]
[Black "Cooper, Willie"]
[Result "0-1"]
[WhiteElo "1605"]
[BlackElo "1605"]
[PlyCount "94"]
[EventDate "1994.??.??"]

{3/(12)} 1. e4 c5 2. Nf3 Nc6 3. d4 cxd4 4. Nxd4 g6 5. c4 Bg7 6. Be3 d6 7. Nc3
Nf6 8. Bd3 O-O 9. a3 Ng4 10. Nxc6 bxc6 11. Bd2 Qb6 12. O-O Qxb2 13. Qc2 Qxc2
14. Bxc2 Ba6 15. Bb3 Bd4 16. Rab1 Ne5 17. Ne2 Bc5 18. Rfc1 Rab8 19. Rc3 Bxc4
20. Nc1 Bxb3 21. Rcxb3 Rxb3 22. Rxb3 Nc4 23. Bh6 Re8 24. a4 f6 25. Bf4 Kf7 26.
Nd3 Bb6 27. Rc3 d5 28. exd5 cxd5 29. Nb4 e5 30. Bc1 Ba5 31. Rh3 Bxb4 32. Rxh7+
Ke6 33. Rxa7 Rb8 34. g4 Bd6 35. Bh6 d4 36. h4 d3 37. a5 d2 38. Bxd2 Nxd2 39. h5
gxh5 40. gxh5 Rg8+ 41. Kh2 Rh8 42. a6 Rxh5+ 43. Kg3 e4+ 44. Kg4 Rg5+ 45. Kh3
Ra5 46. Ra8 Kf5 47. Kg2 Bc5 0-1

[Event "Detroit (MOR/4/57)"]
[Site "?"]
[Date "1994.??.??"]
[Round "?"]
[White "Vaughn, Gerald"]
[Black "Ballard, C."]
[Result "0-1"]
[WhiteElo "1605"]
[BlackElo "1605"]
[PlyCount "74"]
[EventDate "1994.??.??"]

{4/(57)} 1. e4 e5 2. Nf3 Nc6 3. Bc4 Bc5 4. d3 d6 5. Nc3 Bg4 6. Bxf7+ Kxf7 7.
Ng5+ Qxg5 8. Bxg5 Bxd1 9. Rxd1 Nf6 10. h3 h6 11. Bd2 Nb4 12. Rc1 Bd4 13. a3
Bxc3 14. Bxc3 Na2 15. Rb1 Nxc3 16. bxc3 b6 17. O-O Nh5 18. h4 Nf4 19. Rfe1 g5
20. g3 Ne6 21. h5 g4 22. Kg2 Rhg8 23. Re3 Ng5 24. d4 Rgf8 25. d5 Ke7 26. c4 Rf3
27. Rbb3 Rxe3 28. Rxe3 Rf8 29. a4 Rf3 30. Kf1 Rxe3 31. fxe3 Nxe4 32. Ke2 Nxg3+
33. Kf2 Nxh5 34. Kg2 Nf6 35. Kg3 h5 36. Kh4 Kf7 37. Kg3 Ne4+ 0-1

[Event "Romulus (RVO/3/29)"]
[Site "?"]
[Date "1994.??.??"]
[Round "?"]
[White "Vangilder, W."]
[Black "Troupe, D."]
[Result "1-0"]
[WhiteElo "1605"]
[BlackElo "1605"]
[PlyCount "55"]
[EventDate "1994.??.??"]

{3/(29)} 1. d4 d5 2. c4 Nf6 3. Nc3 e6 4. cxd5 exd5 5. Bg5 Bb4 6. Qc2 Nc6 7. e3
Qe7 8. Bb5 Bd7 9. Nf3 a6 10. Be2 O-O-O 11. O-O h6 12. Nxd5 Qd6 13. Nxf6 gxf6
14. Bf4 Qe6 15. Rfd1 Qf5 16. Bd3 Qg4 17. Nd2 Rdg8 18. Bf1 h5 19. Nc4 Qg7 20. a3
Be7 21. d5 Ne5 22. Nb6+ Kd8 23. Nxd7 Kxd7 24. Qf5+ Kd6 25. Rac1 Bd8 26. g3 h4
27. Bh3 hxg3 28. Qd7# 1-0

[Event "Grand Rapids (MI Am/1/4)"]
[Site "?"]
[Date "1994.??.??"]
[Round "?"]
[White "Vangilder, W."]
[Black "Taylor, E."]
[Result "0-1"]
[WhiteElo "1605"]
[BlackElo "1920"]
[PlyCount "92"]
[EventDate "1994.??.??"]

{1/(4)} 1. d4 Nf6 2. c4 g6 3. Nc3 Bg7 4. e4 d6 5. Nf3 O-O 6. Be2 c6 7. O-O Nbd7
8. Bg5 h6 9. Be3 Qc7 10. Qd2 Kh7 11. d5 Nc5 12. Bd3 Bd7 13. Rac1 Ng4 14. Bd4
Ne5 15. Nxe5 Bxe5 16. Bxe5 dxe5 17. Bb1 b6 18. Kh1 Rad8 19. b3 Bc8 20. f4 Ne6
21. f5 Nf4 22. Ne2 g5 23. Nxf4 gxf4 24. Bd3 Rg8 25. Be2 Qd6 26. Bf3 Ba6 27. Rf2
Qc5 28. Rff1 Rg7 29. Qf2 Qd6 30. Qd2 cxd5 31. exd5 Bc8 32. Be4 Qf6 33. Qd3 Rg5
34. Rcd1 Bxf5 35. Bxf5+ Qxf5 36. Qxf5+ Rxf5 37. Rde1 Rg5 38. Rf2 f6 39. Rd2 h5
40. Rd3 Rdg8 41. Kg1 Kg6 42. d6 exd6 43. Rxd6 Kf5 44. Rd2 h4 45. Rd3 Ke6 46.
Rh3 Rg4 0-1

[Event "Detroit (Class DE/2/5)"]
[Site "?"]
[Date "1994.??.??"]
[Round "?"]
[White "Vangilder, W."]
[Black "Raupp, Christine"]
[Result "1-0"]
[WhiteElo "1605"]
[BlackElo "1605"]
[PlyCount "120"]
[EventDate "1994.??.??"]

{2/(5)} 1. d4 f5 2. Bg5 Nf6 3. Bxf6 gxf6 4. e3 e6 5. c4 b6 6. Qh5+ Ke7 7. Qf3
Nc6 8. Nc3 Bb7 9. Qd1 Ke8 10. Be2 Ne7 11. Bf3 Bxf3 12. Nxf3 d5 13. cxd5 Nxd5
14. Qa4+ Qd7 15. Qxd7+ Kxd7 16. Nxd5 exd5 17. O-O Bd6 18. Nh4 f4 19. Nf5 fxe3
20. Nxd6 Kxd6 21. fxe3 Raf8 22. Rae1 h5 23. e4 dxe4 24. Rxe4 f5 25. Ref4 Ke6
26. Re1+ Kd5 27. b3 c5 28. Re5+ Kd6 29. Re3 Re8 30. dxc5+ Kxc5 31. Rxe8 Rxe8
32. Rxf5+ Kd4 33. Rxh5 Ke4 34. Rh7 a5 35. Rc7 b5 36. Rc2 Kd3 37. Rf2 a4 38.
bxa4 bxa4 39. Kf1 Kc3 40. g4 Rd8 41. Kg2 Rd1 42. h4 Rd2 43. Rxd2 Kxd2 44. g5
Kc2 45. g6 Kb2 46. g7 Kxa2 47. g8=Q+ Kb2 48. h5 a3 49. h6 a2 50. Qxa2+ Kxa2 51.
h7 Kb3 52. h8=Q Kc4 53. Qe5 Kd3 54. Qf4 Ke2 55. Qg3 Kd2 56. Qf3 Kc2 57. Qe3 Kb2
58. Qd3 Kc1 59. Qe2 Kb1 60. Qd2 Ka1 1-0

[Event "Grand Rapids (MI Am/3/32)"]
[Site "?"]
[Date "1994.??.??"]
[Round "?"]
[White "Vangilder, W."]
[Black "Priebe, Raymond"]
[Result "1-0"]
[WhiteElo "1605"]
[BlackElo "1605"]
[PlyCount "83"]
[EventDate "1994.??.??"]

{3/(32)} 1. d4 Nf6 2. c4 e6 3. Nc3 Bb4 4. Qc2 d5 5. a3 Bxc3+ 6. Qxc3 Nc6 7. Nf3
Ne4 8. Qc2 Qf6 9. e3 O-O 10. cxd5 exd5 11. Bd3 Re8 12. O-O Qg6 13. Nd2 Bh3 14.
g3 Bxf1 15. Kxf1 Qf5 16. Nxe4 dxe4 17. Be2 Qh3+ 18. Kg1 Re6 19. Bf1 Qf5 20. Bd2
Rf6 21. Be1 Re8 22. b4 b5 23. Rd1 Rh6 24. Bg2 Rd6 25. Rc1 Ree6 26. Qd2 Qd5 27.
Qb2 h6 28. Rc5 Qxd4 29. exd4 Rxd4 30. Rxc6 Rd1 31. Rxe6 Rxe1+ 32. Bf1 fxe6 33.
Kg2 Kh7 34. Bxb5 g5 35. Qc3 Re2 36. Bxe2 Kg6 37. Qe5 h5 38. Qxe6+ Kg7 39. Bxh5
a5 40. Qg6+ Kh8 41. Qf7 c6 42. Bg6 1-0

[Event "Ann Arbor (HVA/2/8)"]
[Site "?"]
[Date "1994.??.??"]
[Round "?"]
[White "Vangilder, W."]
[Black "Paul, Dennis"]
[Result "0-1"]
[WhiteElo "1605"]
[BlackElo "1605"]
[PlyCount "78"]
[EventDate "1994.??.??"]

{2/(8)} 1. d4 d5 2. c4 c6 3. cxd5 cxd5 4. Nf3 Bf5 5. Nc3 e6 6. Bf4 a6 7. e3 h6
8. Bd3 Bxd3 9. Qxd3 Nc6 10. O-O Nf6 11. a3 Nh5 12. Ne2 Nxf4 13. Nxf4 Bd6 14.
Ne2 O-O 15. Rac1 Qb6 16. Qd2 Na5 17. Rc3 Nc4 18. Qc2 Qxb2 19. Qxb2 Nxb2 20. Rb3
Nc4 21. Rxb7 Rab8 22. Rfb1 Rxb7 23. Rxb7 Rb8 24. Rxb8+ Bxb8 25. a4 Bc7 26. Nc1
Nb2 27. Nb3 Nxa4 28. Kf1 Nb2 29. Ke1 a5 30. Kd2 a4 31. Kc2 Nc4 32. Na1 Kf8 33.
Nd2 Bxh2 34. Nxc4 dxc4 35. Kd2 g5 36. Nc2 h5 37. Na3 h4 38. Nxc4 g4 39. Ne5
Bxe5 0-1